[Event "Böblinger Open 2016"]
[Site "Böblingen"]
[Date "2016.12.26"]
[Round "1.1"]
[White "Trifan, Andrei Ioan"]
[Black "Braun, Arik"]
[Result "0-1"]
[WhiteElo "2143"]
[BlackElo "2585"]
[PlyCount "70"]
[EventDate "2016.??.??"]
[WhiteTeam "SF Sasbach"]
[BlackTeam "SV Hockenheim"]

1. e4 c6 2. c4 e5 3. Nf3 d6 4. d4 Bg4 5. Be2 Nd7 6. Be3 Be7 7. Qd2 Ngf6 8. Nc3
Bh5 9. h3 Bg6 10. Qc2 O-O 11. O-O exd4 12. Nxd4 Nc5 13. f3 d5 14. Rfd1 Ncd7 15.
cxd5 cxd5 16. Rac1 Rc8 17. Nf5 Bxf5 18. exf5 Bc5 19. Bxc5 Rxc5 20. Qd2 Re8 21.
Bf1 Nb6 22. Nb5 Rxc1 23. Rxc1 a6 24. Nd4 Qd6 25. Nb3 Nbd7 26. Qd4 h6 27. Na5
Qb8 28. Rc3 Re1 29. b4 Nh5 30. Qf2 Qe5 31. Rc8+ Kh7 32. f4 Nxf4 33. Rc2 Nd3 34.
Qf3 Qd4+ 35. Kh2 N7e5 0-1

[Event "Böblinger Open 2016"]
[Site "Böblingen"]
[Date "2016.12.26"]
[Round "1.2"]
[White "Skoberne, Jure"]
[Black "Van Melkebeke, Willem"]
[Result "1-0"]
[WhiteElo "2551"]
[BlackElo "2140"]
[PlyCount "57"]
[EventDate "2016.??.??"]
[BlackTeam "Caballos Zottegem"]

1. d4 Nf6 2. Nf3 g6 3. Bg5 Bg7 4. Nbd2 d5 5. e3 O-O 6. c3 c5 7. dxc5 a5 8. a4
Qc7 9. Nb3 Ne4 10. Bh4 Rd8 11. Nfd4 Na6 12. Nb5 Qd7 13. f3 Nexc5 14. Nxa5 b6
15. Nb3 Nxb3 16. Qxb3 Nc5 17. Qd1 Qe6 18. Bf2 Qe5 19. Be2 Bh6 20. b4 Ne6 21.
Qd2 Bd7 22. O-O Bxb5 23. Bxb5 d4 24. cxd4 Qh5 25. Qe2 Ng7 26. Bc6 Rac8 27. b5
e5 28. g4 Qh3 29. dxe5 1-0

[Event "Böblinger Open 2016"]
[Site "Böblingen"]
[Date "2016.12.26"]
[Round "1.3"]
[White "Jelica, Mara"]
[Black "Dann, Matthias"]
[Result "0-1"]
[WhiteElo "2138"]
[BlackElo "2482"]
[PlyCount "86"]
[EventDate "2016.??.??"]
[WhiteTeam "SK Göggingen"]
[BlackTeam "TSV Schott Mainz"]

1. e4 c5 2. Nf3 d6 3. d4 cxd4 4. Nxd4 Nf6 5. Nc3 a6 6. Bg5 e6 7. f4 h6 8. Bxf6
Qxf6 9. Qd2 g5 10. f5 Bg7 11. O-O-O Qxd4 12. Qxd4 Bxd4 13. Rxd4 Ke7 14. h4 Nc6
15. Rd2 gxh4 16. Rxh4 Ne5 17. Be2 b5 18. Rd4 Bb7 19. fxe6 fxe6 20. a4 Nc6 21.
Rd3 b4 22. Nd1 Rag8 23. Ne3 Ne5 24. Rd4 a5 25. Rd1 Ng6 26. Rg4 h5 27. Rg5 Nf4
28. Rxg8 Nxe2+ 29. Kd2 Rxg8 30. Kxe2 Bxe4 31. Kf2 Rc8 32. Rd2 Rc5 33. Kg3 e5
34. Kh4 d5 35. b3 Ke6 36. Kxh5 Rc3 37. Re2 Rxe3 38. Rxe3 Bxc2 39. Kg5 d4 40.
Rh3 d3 41. Rh6+ Kd7 42. Rh7+ Kc6 43. Rh6+ Kc5 0-1

[Event "Böblinger Open 2016"]
[Site "Böblingen"]
[Date "2016.12.26"]
[Round "1.4"]
[White "Danielsen, Henrik"]
[Black "Ghyselen, Wouter"]
[Result "1-0"]
[WhiteElo "2481"]
[BlackElo "2137"]
[PlyCount "55"]
[EventDate "2016.??.??"]
[WhiteTeam "SF Schwerin"]
[BlackTeam "Caballos Zottegem"]

1. Nf3 d6 2. d4 Bg4 3. e4 Nf6 4. h3 Bh5 5. Nc3 e6 6. Qe2 c6 7. g4 Bg6 8. h4 h6
9. h5 Bh7 10. g5 hxg5 11. Nxg5 Bg8 12. e5 dxe5 13. dxe5 Nd5 14. Nce4 f5 15.
exf6 gxf6 16. Nf3 Nd7 17. Bd2 Qc7 18. O-O-O O-O-O 19. c4 Nb4 20. a3 Na6 21. b4
f5 22. Neg5 e5 23. Bc3 Be7 24. Qe3 Bf6 25. Bh3 Rxh5 26. Bxf5 Rxh1 27. Rxh1 Bxg5
28. Qxg5 1-0

[Event "Böblinger Open 2016"]
[Site "Böblingen"]
[Date "2016.12.26"]
[Round "1.5"]
[White "Thomas, Ingo"]
[Black "Fedorovsky, Michael"]
[Result "0-1"]
[WhiteElo "2135"]
[BlackElo "2472"]
[PlyCount "46"]
[EventDate "2016.??.??"]
[WhiteTeam "Krefelder SK Turm"]
[BlackTeam "FC Bayern München"]

1. e4 c5 2. Nf3 d6 3. Bb5+ Nd7 4. O-O a6 5. Bxd7+ Bxd7 6. d4 cxd4 7. Qxd4 e6 8.
Nc3 Rc8 9. Be3 Nf6 10. Rad1 Qc7 11. Rd2 e5 12. Qd3 Be6 13. Bg5 Bc4 14. Qe3 Bxf1
15. Kxf1 Be7 16. h3 O-O 17. Nh2 h6 18. Bxh6 gxh6 19. Qxh6 Nh7 20. Rd3 Kh8 21.
Nd5 Qxc2 22. Nxe7 Qxd3+ 23. Kg1 Qd1+ 0-1

[Event "Böblinger Open 2016"]
[Site "Böblingen"]
[Date "2016.12.26"]
[Round "1.6"]
[White "Shishkin, Vadim"]
[Black "Müller, Daniel"]
[Result "1-0"]
[WhiteElo "2452"]
[BlackElo "2128"]
[PlyCount "71"]
[EventDate "2016.??.??"]
[BlackTeam "TG Biberach"]

1. d4 d5 2. c4 c6 3. Nf3 Nf6 4. e3 Bg4 5. h3 Bxf3 6. Qxf3 e6 7. Nc3 Bd6 8. g4
Nbd7 9. Bd2 O-O 10. g5 Ne4 11. Nxe4 dxe4 12. Qxe4 Qxg5 13. O-O-O Qe7 14. Bd3 f5
15. Qg2 e5 16. f3 Kh8 17. h4 c5 18. d5 b5 19. cxb5 c4 20. Be2 a6 21. b6 Nxb6
22. Bc3 h6 23. Kb1 Bb4 24. d6 Bxd6 25. f4 Qc7 26. Rhg1 Ra7 27. Rxd6 Qxd6 28.
Bxe5 Qe7 29. Qg6 Nd5 30. Qxh6+ Kg8 31. Bxg7 Qxg7 32. Rxg7+ Rxg7 33. Qe6+ Kh8
34. Qxd5 Rg1+ 35. Bd1 Rfg8 36. Kc2 1-0

[Event "Böblinger Open 2016"]
[Site "Böblingen"]
[Date "2016.12.26"]
[Round "1.7"]
[White "Heining, Thomas"]
[Black "Sandalakis, Angelos"]
[Result "0-1"]
[WhiteElo "2127"]
[BlackElo "2443"]
[PlyCount "56"]
[EventDate "2016.??.??"]
[WhiteTeam "SC Böblingen"]

1. e4 d5 2. exd5 Qxd5 3. Nf3 Bg4 4. Be2 Nc6 5. d4 O-O-O 6. Be3 e5 7. c4 Qa5+ 8.
Nbd2 Bxf3 9. Bxf3 exd4 10. Bf4 g5 11. Bxc6 gxf4 12. Be4 Nf6 13. O-O Nxe4 14.
Nxe4 Be7 15. a3 Rhg8 16. c5 f5 17. b4 Qa6 18. Nd2 Rg7 19. Kh1 Rdg8 20. Rg1 Bh4
21. Qf3 Qh6 22. Qh3 Rg4 23. Nf3 Qf6 24. Nxh4 Rxh4 25. Qf3 Rg3 26. fxg3 Rxh2+
27. Kxh2 Qh6+ 28. Qh5 Qxh5# 0-1

[Event "Böblinger Open 2016"]
[Site "Böblingen"]
[Date "2016.12.26"]
[Round "1.8"]
[White "Kantor, Gergely"]
[Black "Behrendt, Clemens"]
[Result "1-0"]
[WhiteElo "2442"]
[BlackElo "2121"]
[PlyCount "95"]
[EventDate "2016.??.??"]
[BlackTeam "SC Böblingen"]

1. d4 Nf6 2. c4 g6 3. g3 c6 4. Bg2 d5 5. Qa4 dxc4 6. Qxc4 Be6 7. Qd3 Bg7 8. Nf3
Bf5 9. Qd1 O-O 10. O-O Qc8 11. Nc3 Rd8 12. Qb3 h6 13. Bf4 g5 14. Be5 Nbd7 15.
Rfd1 Nb6 16. h4 g4 17. Nd2 Qe6 18. e4 Qxb3 19. Nxb3 Bc8 20. Na5 Ne8 21. Bxg7
Kxg7 22. Rac1 Rb8 23. Ne2 e5 24. dxe5 Rxd1+ 25. Rxd1 Be6 26. Nf4 Kf8 27. Bf1
Ke7 28. Be2 Nd7 29. Nxe6 fxe6 30. Bxg4 Nxe5 31. Be2 b6 32. Nb3 c5 33. f4 Nc6
34. e5 Nc7 35. Bf3 Nb4 36. a3 Nbd5 37. f5 Rf8 38. f6+ Kd7 39. Nc1 Kc6 40. Ne2
Kb5 41. Kf2 Kc4 42. g4 Nb5 43. g5 hxg5 44. hxg5 Nd4 45. Nxd4 cxd4 46. Rc1+ Kd3
47. Bxd5 exd5 48. g6 1-0

[Event "Böblinger Open 2016"]
[Site "Böblingen"]
[Date "2016.12.26"]
[Round "1.9"]
[White "Imcke, Patrick"]
[Black "Nagy, Gabor"]
[Result "0-1"]
[WhiteElo "2116"]
[BlackElo "2432"]
[PlyCount "54"]
[EventDate "2016.??.??"]
[WhiteTeam "SF Katernberg"]

1. e4 c5 2. Nf3 e6 3. d4 cxd4 4. Nxd4 Nf6 5. Nc3 Qb6 6. Nb3 Bb4 7. Bd3 d6 8.
O-O Bxc3 9. bxc3 O-O 10. Bg5 Nbd7 11. Kh1 e5 12. Qd2 h6 13. Bxh6 gxh6 14. Qxh6
Nh7 15. Rae1 Kh8 16. f4 d5 17. Qxb6 axb6 18. exd5 e4 19. Bxe4 Rxa2 20. Nd4 Ndf6
21. Bf3 Rd8 22. Nb5 Rxc2 23. d6 Bd7 24. Nd4 Rxc3 25. Bxb7 Rc4 26. Rd1 Ba4 27.
Ba6 Rb4 0-1

[Event "Böblinger Open 2016"]
[Site "Böblingen"]
[Date "2016.12.26"]
[Round "1.10"]
[White "Nguyen, Thai Dai Van"]
[Black "Schulte, Torsten"]
[Result "1-0"]
[WhiteElo "2429"]
[BlackElo "2114"]
[PlyCount "79"]
[EventDate "2016.??.??"]
[BlackTeam "SC Böblingen"]

1. e4 e5 2. Nf3 Nc6 3. Bb5 a6 4. Ba4 Nf6 5. O-O Nxe4 6. d4 exd4 7. Re1 d5 8.
Nxd4 Bd6 9. Nxc6 Bxh2+ 10. Kf1 Qh4 11. Be3 O-O 12. Nd4 Bd6 13. Nf3 Qh1+ 14. Ke2
Qxg2 15. Rg1 Qh3 16. Qxd5 Nf6 17. Qd4 Bg4 18. Nbd2 Rad8 19. Rh1 Bh2 20. Rxh2
Qxh2 21. Qxg4 Nxg4 22. Nxh2 Nxh2 23. f3 b5 24. Bb3 Rfe8 25. Rh1 Rxd2+ 26. Kxd2
Nxf3+ 27. Ke2 Nd4+ 28. Kf2 Nxb3 29. cxb3 Re6 30. Rc1 c6 31. Rd1 f6 32. Rd8+ Kf7
33. Ra8 c5 34. Bxc5 g5 35. a4 Rc6 36. axb5 Rxc5 37. bxa6 Ra5 38. a7 Kg7 39. b4
Ra2 40. Kf3 1-0

[Event "Böblinger Open 2016"]
[Site "Böblingen"]
[Date "2016.12.27"]
[Round "2.1"]
[White "Braun, Arik"]
[Black "Hasenohr, Benedict"]
[Result "1-0"]
[WhiteElo "2585"]
[BlackElo "2244"]
[PlyCount "93"]
[EventDate "2016.??.??"]
[WhiteTeam "SV Hockenheim"]
[BlackTeam "SC Weiler im Allgäu"]

1. Nf3 d5 2. g3 Nf6 3. Bg2 c6 4. c4 Bf5 5. Qb3 Qb6 6. d3 Nbd7 7. Be3 Qxb3 8.
axb3 e5 9. O-O Bd6 10. d4 O-O 11. Nc3 e4 12. Ne1 Rfe8 13. Nc2 Be6 14. cxd5 Bxd5
15. Nxd5 Nxd5 16. Bd2 Bc7 17. Bh3 N7f6 18. e3 g5 19. Rfc1 g4 20. Bf1 Bd6 21. h3
h5 22. hxg4 hxg4 23. Be2 Kg7 24. Kg2 Rh8 25. Na3 a6 26. Nc4 Rad8 27. Rh1 Bc7
28. Ne5 Bxe5 29. dxe5 Nd7 30. Bxg4 Nxe5 31. Bf5 Nf3 32. Ba5 Rxh1 33. Rxh1 Re8
34. Bxe4 Ne1+ 35. Bxe1 Rxe4 36. Kf3 Re6 37. e4 Nf6 38. Bc3 Kg6 39. Rh4 c5 40.
Rf4 Nh7 41. Ke3 Ng5 42. f3 b5 43. Rf5 b4 44. Be5 Rc6 45. f4 Nh7 46. Bb8 Nf8 47.
Rd5 1-0

[Event "Böblinger Open 2016"]
[Site "Böblingen"]
[Date "2016.12.27"]
[Round "2.2"]
[White "Hobusch, Jan"]
[Black "Skoberne, Jure"]
[Result "0-1"]
[WhiteElo "2237"]
[BlackElo "2551"]
[PlyCount "148"]
[EventDate "2016.??.??"]
[WhiteTeam "SG Solingen"]

1. b3 b6 2. Bb2 Bb7 3. e3 Nf6 4. Nf3 e6 5. Be2 Be7 6. O-O O-O 7. c4 c5 8. d4 d6
9. Nc3 a6 10. Qc2 Nbd7 11. Rac1 Qc7 12. Rfd1 Rfe8 13. Qb1 Rac8 14. Nd2 cxd4 15.
exd4 Qb8 16. Nf1 d5 17. cxd5 exd5 18. Bf3 Qf4 19. Ne2 Qd6 20. Ne3 g6 21. Ng3
Bf8 22. Rxc8 Rxc8 23. Rc1 h5 24. Rxc8 Bxc8 25. Qc1 Bb7 26. Nc2 b5 27. Ba3 Qc7
28. Bxf8 Nxf8 29. Qb2 Ne6 30. Nf1 Nf4 31. Nce3 b4 32. Qd2 a5 33. Nc2 Ba6 34. g3
Nd3 35. a3 bxa3 36. Nxa3 Qb6 37. Qc3 Kg7 38. Ne3 Nb4 39. Nac2 Bb7 40. Nxb4 axb4
41. Qc5 Qxc5 42. dxc5 Nd7 43. Bxd5 Bxd5 44. Nxd5 Nxc5 45. Nxb4 Nxb3 46. Kg2 g5
47. h4 gxh4 48. gxh4 Kf6 49. Kg3 Nd4 50. Nd5+ Ke5 51. Nb4 Ke4 52. Kg2 f5 53.
Kg3 f4+ 54. Kg2 Nf5 55. f3+ Kd4 56. Kf2 Nxh4 57. Nc6+ Kd5 58. Nb4+ Kc4 59. Nc6
Ng6 60. Na5+ Kc3 61. Nc6 Kd2 62. Nd4 Ne5 63. Nf5 Nd3+ 64. Kg2 Ke2 65. Nd4+ Ke1
66. Nc2+ Kd2 67. Nd4 Ne1+ 68. Kf2 h4 69. Nb3+ Kc3 70. Na5 h3 71. Kg1 Nxf3+ 72.
Kh1 Nh4 73. Nc6 f3 74. Ne5 f2 0-1

[Event "Böblinger Open 2016"]
[Site "Böblingen"]
[Date "2016.12.27"]
[Round "2.3"]
[White "Dann, Matthias"]
[Black "Vatter, Hans-Joachim"]
[Result "1-0"]
[WhiteElo "2482"]
[BlackElo "2233"]
[PlyCount "77"]
[EventDate "2016.??.??"]
[WhiteTeam "TSV Schott Mainz"]
[BlackTeam "SC Untergrombach"]

1. e4 c5 2. Nf3 Nc6 3. d4 cxd4 4. Nxd4 g6 5. Nc3 Bg7 6. Be3 Nf6 7. Bc4 Qa5 8.
O-O O-O 9. Bb3 d6 10. h3 Bd7 11. Re1 Nxd4 12. Bxd4 Bc6 13. Nd5 Bxd5 14. exd5
Rfe8 15. Bc3 Qc5 16. Re3 Nd7 17. Bxg7 Kxg7 18. Qe2 Nf6 19. Rd1 Rab8 20. c3 b5
21. Rd4 a5 22. Qd2 Rb7 23. a3 Reb8 24. Rf3 b4 25. cxb4 axb4 26. a4 Rc7 27. Rc4
Qb6 28. Rff4 Rxc4 29. Bxc4 h5 30. Bb5 Rc8 31. Rxb4 Rc5 32. Bc6 Qd8 33. Rb5 Rc4
34. b3 Re4 35. a5 Qc8 36. Rb4 Re5 37. f4 Rf5 38. Rd4 e6 39. b4 1-0

[Event "Böblinger Open 2016"]
[Site "Böblingen"]
[Date "2016.12.27"]
[Round "2.4"]
[White "de Visser, Leon"]
[Black "Danielsen, Henrik"]
[Result "0-1"]
[WhiteElo "2225"]
[BlackElo "2481"]
[PlyCount "120"]
[EventDate "2016.??.??"]
[WhiteTeam "SC Brett vorm Kopp"]
[BlackTeam "SF Schwerin"]

1. c4 e5 2. g3 d6 3. Nc3 f5 4. Bg2 Nf6 5. d3 Be7 6. e3 a5 7. Nge2 c6 8. O-O O-O
9. b3 Na6 10. Bb2 Bd7 11. Qd2 Qc7 12. d4 e4 13. d5 Nc5 14. Ba3 Rad8 15. Rfd1
Bc8 16. Nd4 Rfe8 17. f4 exf3 18. Bxf3 Bd7 19. dxc6 bxc6 20. Qc2 g6 21. Re1 Bf8
22. Re2 Bg7 23. Bb2 Re7 24. Rae1 Rde8 25. Nd1 Qb6 26. Kg2 Nce4 27. Qd3 Ng5 28.
Nc2 Nxf3 29. Kxf3 c5 30. Bxf6 Bxf6 31. Nc3 Bxc3 32. Qxc3 Bc6+ 33. Kf2 Ba8 34.
Rg1 Re6 35. Ne1 h6 36. Qd3 Qc6 37. Ng2 g5 38. Ke1 Rf8 39. Rf1 Re5 40. Rd2 Rf6
41. Kd1 a4 42. g4 axb3 43. axb3 Qa6 44. Qc3 Be4 45. Ne1 Rf8 46. Nd3 Ree8 47.
gxf5 Bxf5 48. Rdf2 Qc8 49. Kd2 Qe6 50. Nc1 d5 51. cxd5 Qxd5+ 52. Ke1 Rf7 53.
Ne2 Rd8 54. Qc1 Be6 55. Rxf7 Bxf7 56. Qc3 Qxb3 57. Qxc5 Bc4 58. Ng3 Bxf1 59.
Nxf1 Qd1+ 60. Kf2 Rf8+ 0-1

[Event "Böblinger Open 2016"]
[Site "Böblingen"]
[Date "2016.12.27"]
[Round "2.5"]
[White "Fedorovsky, Michael"]
[Black "Heinemann, Josefine"]
[Result "1/2-1/2"]
[WhiteElo "2472"]
[BlackElo "2227"]
[PlyCount "37"]
[EventDate "2016.??.??"]
[WhiteTeam "FC Bayern München"]
[BlackTeam "OSG Baden-Baden"]

1. d4 Nf6 2. c4 g6 3. Nc3 d5 4. Nf3 Bg7 5. h4 c6 6. cxd5 cxd5 7. Bf4 Nc6 8. e3
O-O 9. Ne5 Nxe5 10. Bxe5 Ne4 11. Bxg7 Nxc3 12. bxc3 Kxg7 13. Bd3 Qd6 14. Qa4
Bd7 15. Qb4 Qxb4 16. cxb4 a5 17. b5 b6 18. Kd2 Rac8 19. Rac1 1/2-1/2

[Event "Böblinger Open 2016"]
[Site "Böblingen"]
[Date "2016.12.27"]
[Round "2.6"]
[White "Gschnitzer, Adrian"]
[Black "Shishkin, Vadim"]
[Result "1/2-1/2"]
[WhiteElo "2209"]
[BlackElo "2452"]
[PlyCount "54"]
[EventDate "2016.??.??"]
[WhiteTeam "SV Walldorf"]

1. e4 c5 2. Nf3 Nc6 3. d4 cxd4 4. Nxd4 Nf6 5. Nc3 d6 6. Bg5 e6 7. Qd2 a6 8.
O-O-O Be7 9. f4 Bd7 10. Kb1 Qc7 11. Be2 Rd8 12. Qe3 Nxd4 13. Rxd4 Bc6 14. Bf3
O-O 15. Rhd1 h6 16. Bh4 e5 17. R4d3 b5 18. f5 Rd7 19. Bxf6 Bxf6 20. Nd5 Bxd5
21. Rxd5 Qc6 22. R1d3 Rb8 23. Qd2 Rb6 24. a3 Qc7 25. g3 Rc6 26. h4 Rd8 27. Bd1
Rc4 1/2-1/2

[Event "Böblinger Open 2016"]
[Site "Böblingen"]
[Date "2016.12.27"]
[Round "2.7"]
[White "Sandalakis, Angelos"]
[Black "Arnold, Max"]
[Result "1-0"]
[WhiteElo "2443"]
[BlackElo "2224"]
[PlyCount "81"]
[EventDate "2016.??.??"]
[BlackTeam "SK Ettlingen"]

1. Nf3 d5 2. d4 Nf6 3. c4 e6 4. Nc3 Be7 5. Bg5 h6 6. Bh4 O-O 7. cxd5 Nxd5 8.
Bxe7 Qxe7 9. Qb3 c5 10. Nxd5 exd5 11. Qa3 b6 12. Rc1 Na6 13. e3 Nb4 14. Be2 Bf5
15. O-O c4 16. b3 b5 17. Qa5 Rfb8 18. bxc4 Nc6 19. Qc3 bxc4 20. Nd2 Nb4 21. Qa3
a5 22. Bf3 Bd3 23. Rfd1 Qe8 24. Nb1 Be4 25. Bxe4 Qxe4 26. Nc3 Qf5 27. Rd2 Rb6
28. Rf1 Re6 29. Qa4 Rb6 30. Rb1 Rg6 31. Rxb4 Qf3 32. g3 h5 33. Rb5 Re8 34. Qd1
Rxe3 35. Qxf3 Rxf3 36. Nxd5 Rd6 37. Rxa5 c3 38. Rc2 Kh7 39. Nxc3 Rxd4 40. Kg2
Rfd3 41. Rxh5+ 1-0

[Event "Böblinger Open 2016"]
[Site "Böblingen"]
[Date "2016.12.27"]
[Round "2.8"]
[White "Sandalakis, Nikolaos"]
[Black "Kantor, Gergely"]
[Result "0-1"]
[WhiteElo "2204"]
[BlackElo "2442"]
[PlyCount "65"]
[EventDate "2016.??.??"]

1. e4 e5 2. Nf3 Nc6 3. Bb5 a6 4. Ba4 Nf6 5. d3 Bc5 6. O-O d6 7. Bxc6+ bxc6 8.
Be3 Bxe3 9. fxe3 O-O 10. c4 Ng4 11. Qe2 g6 12. h3 Nh6 13. Nc3 Qe7 14. Nd2 f5
15. Rf2 Bd7 16. Raf1 Kh8 17. d4 Rg8 18. b4 Raf8 19. c5 g5 20. exf5 g4 21. cxd6
cxd6 22. f6 Qe6 23. f7 Rg6 24. h4 g3 25. Rf3 Qe7 26. Rd1 Qxh4 27. Nf1 Bg4 28.
dxe5 Nf5 29. Ne4 d5 30. Nexg3 Nxg3 31. Nxg3 Bxf3 32. Qb2 Re6 33. Nf5 0-1

[Event "Böblinger Open 2016"]
[Site "Böblingen"]
[Date "2016.12.27"]
[Round "2.11"]
[White "Vogel, Roven"]
[Black "Wartlick, Karl"]
[Result "1-0"]
[WhiteElo "2420"]
[BlackElo "2208"]
[PlyCount "61"]
[EventDate "2016.??.??"]
[WhiteTeam "USV TU Dresden"]
[BlackTeam "TSV Willsbach"]

1. d4 e6 2. c4 b6 3. Nf3 Nf6 4. g3 Bb7 5. Bg2 d6 6. O-O Nbd7 7. d5 e5 8. Nc3 g6
9. b4 a5 10. bxa5 Rxa5 11. a4 Bg7 12. Nd2 Nc5 13. Ba3 Nfd7 14. Bb4 Ra8 15. a5
Na6 16. Ba3 bxa5 17. Nb3 O-O 18. Nxa5 Nac5 19. Bb2 f5 20. Nc6 Bxc6 21. dxc6
Rxa1 22. Qxa1 Nf6 23. Bd5+ Kh8 24. Qa5 e4 25. Nb5 Ne8 26. Bxg7+ Kxg7 27. Qc3+
Qf6 28. Qxf6+ Kxf6 29. Ra1 Ke7 30. Ra8 Nb3 31. Rc8 1-0

[Event "Böblinger Open 2016"]
[Site "Böblingen"]
[Date "2016.12.27"]
[Round "2.12"]
[White "Doll, Stefan"]
[Black "Kekelidze, Mikheil"]
[Result "0-1"]
[WhiteElo "2189"]
[BlackElo "2413"]
[PlyCount "49"]
[EventDate "2016.??.??"]
[WhiteTeam "SC Untergrombach"]

1. e4 c5 2. c3 Nf6 3. e5 Nd5 4. Nf3 Nc6 5. Bc4 Nb6 6. Bb3 d5 7. exd6 e6 8. O-O
Bxd6 9. d4 cxd4 10. cxd4 O-O 11. Nc3 Nd5 12. Re1 Nce7 13. Ne5 b6 14. Bd2 Bb7
15. Rc1 Rc8 16. Bc2 Bb8 17. Qf3 Nxc3 18. Qxb7 Nxa2 19. Bxh7+ Kxh7 20. Rxc8 Nxc8
21. Nxf7 Qxd4 22. Be3 Qb4 23. Rd1 Nd6 24. Ng5+ Kg8 25. Nxe6 0-1

[Event "Böblinger Open 2014"]
[Site "Böblingen"]
[Date "2016.12.28"]
[Round "4.1"]
[White "Braun, Arik"]
[Black "Perske, Thore"]
[Result "1/2-1/2"]
[WhiteElo "2585"]
[BlackElo "2384"]
[PlyCount "80"]
[EventDate "2016.??.??"]
[WhiteTeam "SV Hockenheim"]
[BlackTeam "SV Hofheim"]

1. d4 Nf6 2. c4 g6 3. f3 Bg7 4. e4 d6 5. Be3 O-O 6. Ne2 a6 7. Na3 c6 8. c5 Nbd7
9. Rc1 dxc5 10. dxc5 Ne5 11. Nc3 Be6 12. Be2 Qc7 13. O-O Rad8 14. Qc2 Rd7 15.
Na4 h6 16. Nb6 Rdd8 17. Nac4 Bxc4 18. Nxc4 Nxc4 19. Qxc4 Qe5 20. Qc3 Qe6 21.
Bc4 Qd7 22. Qb3 Qc7 23. Rcd1 e6 24. Be2 Nh5 25. f4 Rxd1 26. Bxd1 Nf6 27. Qc4
Rd8 28. Be2 Qa5 29. a3 Qb5 30. Qc2 Qa5 31. h3 Qc7 32. Kh1 Qe7 33. b4 Ne8 34.
Bc1 Qf6 35. e5 Qh4 36. Kh2 Nc7 37. g3 Qe7 38. Rd1 Rxd1 39. Qxd1 Nd5 40. Bf3 h5
1/2-1/2

[Event "Böblinger Open 2014"]
[Site "Böblingen"]
[Date "2016.12.28"]
[Round "4.2"]
[White "Dann, Matthias"]
[Black "Kuklin, Valentin"]
[Result "1-0"]
[WhiteElo "2482"]
[BlackElo "2366"]
[PlyCount "45"]
[EventDate "2016.??.??"]
[WhiteTeam "TSV Schott Mainz"]
[BlackTeam "SC Böblingen"]

1. e4 e6 2. d4 d5 3. Nc3 Nf6 4. e5 Nfd7 5. f4 c5 6. Nf3 b6 7. Be3 Be7 8. Qd2 a5
9. f5 O-O 10. Bb5 cxd4 11. Bxd4 Bb7 12. f6 gxf6 13. Qh6 Nxe5 14. h4 Ng4 15. Qh5
f5 16. Ng5 h6 17. Nxe6 Qd6 18. Nxf8 Qg3+ 19. Kd1 Bxf8 20. Qxf5 Ne3+ 21. Bxe3
Qxe3 22. Bd3 Bg7 23. Re1 1-0

[Event "Böblinger Open 2014"]
[Site "Böblingen"]
[Date "2016.12.28"]
[Round "4.3"]
[White "Alvir, Aco"]
[Black "Danielsen, Henrik"]
[Result "0-1"]
[WhiteElo "2358"]
[BlackElo "2481"]
[PlyCount "160"]
[EventDate "2016.??.??"]
[WhiteTeam "SV Pamhagen"]
[BlackTeam "SF Schwerin"]

1. e4 d6 2. d4 Nf6 3. Nc3 e5 4. Nf3 Nbd7 5. Bc4 Be7 6. O-O O-O 7. Re1 a6 8. a4
b6 9. Ba2 Bb7 10. h3 c6 11. Nh4 g6 12. Nf3 Re8 13. Bh6 Bf8 14. Bxf8 Nxf8 15. a5
b5 16. dxe5 dxe5 17. Ng5 Re7 18. Qf3 Kg7 19. Qe3 Qc7 20. b4 h6 21. Nf3 N8d7 22.
Rad1 Rc8 23. Re2 c5 24. Nd5 Bxd5 25. exd5 Qd6 26. bxc5 Rxc5 27. Qa3 Re8 28. Qb2
Qc7 29. Bb3 e4 30. d6 Qxa5 31. Nh2 h5 32. Ra1 Qb6 33. Qa2 Qxd6 34. Qxa6 Qc7 35.
Qa7 Ne5 36. Nf1 Nc4 37. Qxc7 Rxc7 38. Bxc4 bxc4 39. Rd2 c3 40. Rd4 Ree7 41. Ne3
Rc5 42. Raa4 Rec7 43. Ra6 R5c6 44. Rd6 Rxa6 45. Rxa6 Rc5 46. Ra4 h4 47. Kf1 Rc7
48. Ra6 Nh5 49. Ra3 Nf4 50. Nd1 Nd5 51. Ke1 f5 52. Ra5 Rd7 53. Rc5 Kh6 54. g3
Rd6 55. Rc8 hxg3 56. fxg3 g5 57. Re8 Nf6 58. Re5 Kg6 59. Nxc3 g4 60. hxg4 Nxg4
61. Rc5 Ne3 62. Ke2 Nxc2 63. Nxe4 Nd4+ 64. Kd3 fxe4+ 65. Kxe4 Ne6 66. Ra5 Rb6
67. Ra3 Ng5+ 68. Kf4 Rb4+ 69. Ke5 Kh5 70. Rd3 Re4+ 71. Kf5 Re1 72. Ra3 Rf1+ 73.
Ke5 Kg4 74. Ra8 Kxg3 75. Rg8 Kg4 76. Kd4 Re1 77. Kd5 Kf5 78. Rf8+ Kg6 79. Rf2
Ne4 80. Rf8 Nf6+ 0-1

[Event "Böblinger Open 2014"]
[Site "Böblingen"]
[Date "2016.12.28"]
[Round "4.5"]
[White "Fedorovsky, Michael"]
[Black "Flick, Antoine"]
[Result "1-0"]
[WhiteElo "2472"]
[BlackElo "2318"]
[PlyCount "69"]
[EventDate "2016.??.??"]
[WhiteTeam "FC Bayern München"]
[BlackTeam "SC Heitersheim"]

1. e4 c5 2. Nf3 Nc6 3. c3 d5 4. exd5 Qxd5 5. d4 Bf5 6. Be3 Nf6 7. Na3 cxd4 8.
Bc4 Qd7 9. Nxd4 Nxd4 10. Bxd4 Be4 11. Bxf6 Qxd1+ 12. Rxd1 exf6 13. Bb5+ Bc6 14.
Bxc6+ bxc6 15. Nc4 Rd8 16. O-O Be7 17. Na5 Rc8 18. Rfe1 Rc7 19. Re2 Kf8 20.
Rde1 g6 21. Nxc6 Rxc6 22. Rxe7 Kg7 23. Rxa7 Rb8 24. Ree7 Rxb2 25. Rxf7+ Kh6 26.
h4 Kh5 27. Rxh7+ Kg4 28. Ra4+ Kf5 29. Re7 g5 30. g4+ Kg6 31. h5+ Kh6 32. Raa7
Rb1+ 33. Kg2 Rg1+ 34. Kxg1 Ra6 35. Rh7# 1-0

[Event "Böblinger Open 2014"]
[Site "Böblingen"]
[Date "2016.12.28"]
[Round "4.6"]
[White "Sandalakis, Angelos"]
[Black "Ortmann, David"]
[Result "1-0"]
[WhiteElo "2443"]
[BlackElo "2317"]
[PlyCount "71"]
[EventDate "2016.??.??"]
[BlackTeam "SC Böblingen"]

1. d4 d5 2. c4 c6 3. cxd5 cxd5 4. Bf4 Nf6 5. Nc3 Nc6 6. e3 Bf5 7. Qb3 Na5 8.
Qa4+ Bd7 9. Qc2 e6 10. Bd3 Rc8 11. Nf3 Be7 12. h3 Nc4 13. O-O O-O 14. Qe2 a6
15. e4 dxe4 16. Nxe4 b5 17. Rac1 Bc6 18. b3 Nxe4 19. bxc4 Nd6 20. Ne5 bxc4 21.
Nxc6 Rxc6 22. Bb1 g6 23. Qf3 Qc8 24. Rfe1 Re8 25. d5 exd5 26. Qxd5 Bf8 27. Red1
c3 28. Bc2 Rc5 29. Qf3 Nf5 30. g4 Ne7 31. Bd6 Ra5 32. Bb3 Nd5 33. Rxd5 Rxd5 34.
Qxd5 Bxd6 35. Qxf7+ Kh8 36. Qf6# 1-0

[Event "Böblinger Open 2014"]
[Site "Böblingen"]
[Date "2016.12.28"]
[Round "4.7"]
[White "Junesch, Gerhard"]
[Black "Kantor, Gergely"]
[Result "0-1"]
[WhiteElo "2292"]
[BlackElo "2442"]
[PlyCount "50"]
[EventDate "2016.??.??"]
[WhiteTeam "SG Ludwigsburg"]

1. Nf3 d5 2. d4 Nf6 3. c4 e6 4. Nc3 c6 5. e3 Nbd7 6. b3 Bb4 7. Bd2 O-O 8. Bd3
Qe7 9. Ne5 Nxe5 10. dxe5 Nd7 11. f4 f6 12. exf6 Nxf6 13. O-O Rd8 14. Na4 Bd6
15. Qc2 e5 16. Bc3 Ng4 17. Bxh7+ Kh8 18. Rf3 b5 19. Nb2 Bc5 20. Bxe5 Qh4 21.
Qg6 Qxh2+ 22. Kf1 Qh1+ 23. Ke2 Qxg2+ 24. Kd3 dxc4+ 25. Kc3 Qd2# 0-1

[Event "Böblinger Open 2014"]
[Site "Böblingen"]
[Date "2016.12.28"]
[Round "4.8"]
[White "Vogel, Roven"]
[Black "Schmidt, Tobias"]
[Result "1-0"]
[WhiteElo "2420"]
[BlackElo "2294"]
[PlyCount "59"]
[EventDate "2016.??.??"]
[WhiteTeam "USV TU Dresden"]
[BlackTeam "SC Erdmannhausen"]

1. d4 d5 2. Nf3 Nf6 3. g3 e6 4. Bg2 b5 5. a4 b4 6. c4 bxc3 7. Nxc3 Nbd7 8. O-O
Be7 9. Bf4 Nh5 10. Bd2 Nhf6 11. Rc1 Ba6 12. Bf4 c6 13. Rb1 Qa5 14. Na2 Ne4 15.
b4 Qb6 16. Qc2 Bc4 17. Nc1 Bxb4 18. Nd3 a5 19. Nfe5 Nxe5 20. dxe5 Qa6 21. Bxe4
dxe4 22. Nxb4 axb4 23. Rxb4 Bxe2 24. Re1 Bf3 25. Qc5 e3 26. Bg5 Kd7 27. Rf4 Bh5
28. Qd6+ Kc8 29. Rc1 exf2+ 30. Rxf2 1-0